[Event "CZE-ch Youth B12 2022"]
[Site "Luhacovice"]
[Date "2022.03.16"]
[Round "6.5"]
[White "Soucek, Andrej"]
[Black "Krautschneider, Daniel Jan"]
[Result "1/2-1/2"]
[WhiteElo "1399"]
[BlackElo "1304"]
[Annotator "NA"]
[PlyCount "63"]
[EventDate "2022.03.12"]
[EventType "swiss"]
[EventCountry "CZE"]
[SourceTitle "playchess.com"]
[Source "ChessBase"]
[SourceQuality "1"]
[TimeControl "5400+30"]

1. e4 c5 2. Nf3 Nc6 3. Bb5 g6 4. O-O Bg7 5. Bxc6 bxc6 6. e5 d5 7. exd6 exd6 8. h3 Ne7 9. Nc3 {[%emt 0:07:05]} O-O {[%emt 0:04:02]} 10. d3 {[%emt 0:02:39]} d5 {[%emt 0:00:15]} 11. Bf4 {[%emt 0:01:29]} Re8 {[%emt 0:00:36]} 12. Qd2 {[%emt 0:01:34]} Nf5 {[%emt 0:02:27]} 13. Na4 {[%emt 0:03:52]} Nd4 {[%emt 0:01:13]} 14. Nxd4 {[%emt 0:01:58]} cxd4 {[%emt 0:00:07]} 15. b4 {[%emt 0:14:05]} a5 {[%emt 0:01:45]} 16. a3 {[%emt 0:03:56]} Be6 {[%emt 0:02:14]} 17. Nc5 {[%emt 0:04:43]} Qb6 {[%emt 0:00:27]} 18. Rfe1 {[%emt 0:19:37]} Ra7 {[%emt 0:08:43]} 19. Be5 {[%emt 0:05:08]} Rea8 {[%emt 0:08:34]} 20. Bxg7 {[%emt 0:01:44]} Kxg7 {[%emt 0:03:24]} 21. Rab1 {[%emt 0:00:22]} axb4 {[%emt 0:04:54]} 22. Nxe6+ {[%emt 0:04:59]} fxe6 {[%emt 0:00:14]} 23. Qxb4 {[%emt 0:00:15]} Qxb4 {[%emt 0:00:24]} 24. Rxb4 {[%emt 0:00:27]} Kf6 {[%emt 0:00:27]} 25. Rxd4 {[%emt 0:01:35]} Rxa3 {[%emt 0:00:16]} 26. Rf4+ {[%emt 0:01:04]} Ke7 {[%emt 0:00:10]} 27. Rf3 {[%emt 0:00:16]} Ra1 {[%emt 0:01:13]} 28. Rfe3 {[%emt 0:00:06]} Rxe1+ {[%emt 0:00:29]} 29. Rxe1 {[%emt 0:00:05]} Ra2 {[%emt 0:00:15]} 30. Re2 {[%emt 0:00:17]} Kd6 {[%emt 0:00:10]} 31. f4 {[%emt 0:00:20]} c5 {[%emt 0:00:09]} 32. Kf2 {[%emt 0:01:16]} 1/2-1/2

[Event "CZE-ch Youth B12 2022"]
[Site "Luhacovice"]
[Date "2022.03.16"]
[Round "6.6"]
[White "Mik, Tomas"]
[Black "Stejskal, Jakub"]
[Result "1-0"]
[WhiteElo "1643"]
[BlackElo "1557"]
[Annotator "NA"]
[PlyCount "49"]
[EventDate "2022.03.12"]
[EventType "swiss"]
[EventCountry "CZE"]
[SourceTitle "playchess.com"]
[Source "ChessBase"]
[SourceQuality "1"]
[TimeControl "5400+30"]

1. Nc3 {[%emt 0:00:04]} e5 {[%emt 0:01:16]} 2. e4 {[%emt 0:00:15]} Nc6 {[%emt 0:00:31]} 3. Nf3 {[%emt 0:00:37]} Nf6 {[%emt 0:00:26]} 4. Bb5 {[%emt 0:00:10]} a6 {[%emt 0:00:10]} 5. Bxc6 {[%emt 0:01:51]} dxc6 {[%emt 0:01:40]} 6. Nxe5 {[%emt 0:00:12]} Nxe4 {[%emt 0:07:47]} 7. Nxe4 {[%emt 0:01:31]} Qd5 {[%emt 0:03:09]} 8. O-O {[%emt 0:00:47]} Qxe5 {[%emt 0:00:46]} 9. Re1 {[%emt 0:01:03]} Be7 {[%emt 0:02:01]} 10. d4 {[%emt 0:00:34]} Qf5 {[%emt 0:05:51]} 11. Nc5 {[%emt 0:06:59]} b6 {[%emt 0:06:38]} 12. Re5 {[%emt 0:01:50]} Qg6 {[%emt 0:02:34]} 13. Qe2 {[%emt 0:01:21]} Qd6 {[%emt 0:04:32]} 14. Bg5 {[%emt 0:02:05]} f6 {[%emt 0:01:44]} 15. Ne4 {[%emt 0:00:33]} Qd8 {[%emt 0:03:14]} 16. Nxf6+ {[%emt 0:01:26]} Kf7 {[%emt 0:01:17]} 17. Qc4+ {[%emt 0:02:26]} Kg6 {[%emt 0:02:16]} 18. Ne4 {[%emt 0:01:10]} Bxg5 {[%emt 0:05:03]} 19. Rxg5+ {[%emt 0:00:08]} Kh6 {[%emt 0:00:25]} 20. Qxc6+ {[%emt 0:02:04]} Be6 {[%emt 0:05:07]} 21. Qxe6+ {[%emt 0:00:09]} g6 {[%emt 0:00:09]} 22. Rd5 {[%emt 0:00:57]} Qe8 {[%emt 0:02:08]} 23. Qh3+ {[%emt 0:00:08]} Kg7 {[%emt 0:00:25]} 24. Rd7+ {[%emt 0:00:04]} Kf8 {[%emt 0:01:01]} 25. Qf3+ {[%emt 0:00:06]} 1-0

[Event "CZE-ch Youth B12 2022"]
[Site "Luhacovice"]
[Date "2022.03.16"]
[Round "6.7"]
[White "Chon, Jeremy"]
[Black "Kutil, Adam"]
[Result "0-1"]
[WhiteElo "1455"]
[BlackElo "1544"]
[Annotator "NA"]
[PlyCount "120"]
[EventDate "2022.03.12"]
[EventType "swiss"]
[EventCountry "CZE"]
[SourceTitle "playchess.com"]
[Source "ChessBase"]
[SourceQuality "1"]
[TimeControl "5400+30"]

1. Nf3 {[%emt 0:00:04]} c5 {[%emt 0:00:27]} 2. e3 {[%emt 0:00:07]} d5 {[%emt 0:00:49]} 3. d4 {[%emt 0:00:04]} Nc6 {[%emt 0:01:06]} 4. b3 {[%emt 0:00:11]} Bg4 {[%emt 0:03:02]} 5. Bb2 {[%emt 0:00:39]} e6 {[%emt 0:02:27]} 6. Be2 {[%emt 0:03:01]} Nf6 {[%emt 0:02:25]} 7. O-O {[%emt 0:03:35]} Bd6 {[%emt 0:02:37]} 8. c4 {[%emt 0:06:14]} dxc4 {[%emt 0:09:06]} 9. dxc5 {[%emt 0:04:43]} Bxc5 {[%emt 0:01:51]} 10. Bxc4 {[%emt 0:05:59]} O-O {[%emt 0:01:41]} 11. h3 {[%emt 0:02:30]} Bh5 {[%emt 0:01:34]} 12. Qe2 {[%emt 0:07:58]} Qe7 {[%emt 0:05:59]} 13. Nbd2 {[%emt 0:04:53]} Rfd8 {[%emt 0:08:29]} 14. Bxf6 {[%emt 0:10:11]} gxf6 {[%emt 0:04:52]} 15. Ne4 {[%emt 0:02:13]} Ba3 {[%emt 0:23:26]} 16. Ng3 {[%emt 0:02:39]} Bg6 {[%emt 0:02:14]} 17. Nh4 {[%emt 0:03:26]} Ne5 {[%emt 0:01:35]} 18. Nxg6 {[%emt 0:01:20]} fxg6 {[%emt 0:02:13]} 19. f4 {[%emt 0:04:49]} Nxc4 {[%emt 0:01:57]} 20. Qxc4 {[%emt 0:00:20]} Rac8 {[%emt 0:01:42]} 21. Qe4 {[%emt 0:01:18]} f5 {[%emt 0:02:31]} 22. Qf3 {[%emt 0:01:29]} Bc5 {[%emt 0:02:29]} 23. Rfd1 {[%emt 0:00:54]} e5 {[%emt 0:02:39]} 24. Nf1 {[%emt 0:02:59]} e4 {[%emt 0:01:28]} 25. Qe2 {[%emt 0:01:14]} Kg7 {[%emt 0:01:17]} 26. Rxd8 {[%emt 0:03:14]} Rxd8 {[%emt 0:01:00]} 27. Rd1 {[%emt 0:00:28]} Rxd1 {[%emt 0:02:50]} 28. Qxd1 {[%emt 0:00:02]} Qd6 {[%emt 0:01:02]} 29. Qa1+ {[%emt 0:03:18]} Kh6 {[%emt 0:02:01]} 30. g4 {[%emt 0:03:15]} Qxf4 {[%emt 0:01:34]} 31. Qc1 {[%emt 0:07:05]} Bb6 {[%emt 0:02:24]} 32. Qe1 {[%emt 0:00:13]} Qg5 {[%emt 0:00:53]} 33. Qg3 {[%emt 0:03:51]} f4 {[%emt 0:02:25]} 34. Qg2 {[%emt 0:00:48]} fxe3 {[%emt 0:01:41]} 35. Qxe4 {[%emt 0:00:14]} e2+ {[%emt 0:00:20]} 36. Kg2 {[%emt 0:00:02]} exf1=Q+ {[%emt 0:00:48]} 37. Kxf1 {[%emt 0:00:04]} Qc1+ {[%emt 0:00:49]} 38. Ke2 {[%emt 0:00:20]} Qb2+ {[%emt 0:00:36]} 39. Kd1 {[%emt 0:01:08]} Qd4+ {[%emt 0:00:46]} 40. Qxd4 {[%emt 0:00:10]} Bxd4 {[%emt 0:00:05]} 41. Ke2 {[%emt 0:00:08]} Kg5 {[%emt 0:00:18]} 42. Kf3 {[%emt 0:00:01]} b5 {[%emt 0:01:09]} 43. Ke4 {[%emt 0:00:27]} Kh4 {[%emt 0:00:43]} 44. Kxd4 {[%emt 0:00:03]} Kxh3 {[%emt 0:00:13]} 45. Kc5 {[%emt 0:00:01]} Kxg4 {[%emt 0:00:16]} 46. Kxb5 {[%emt 0:00:02]} h5 {[%emt 0:00:16]} 47. Ka6 {[%emt 0:00:06]} h4 {[%emt 0:00:14]} 48. b4 {[%emt 0:00:03]} h3 {[%emt 0:00:13]} 49. b5 {[%emt 0:00:01]} h2 {[%emt 0:00:13]} 50. Kxa7 {[%emt 0:00:01]} h1=Q {[%emt 0:00:23]} 51. b6 {[%emt 0:00:07]} Qf3 {[%emt 0:00:37]} 52. a4 {[%emt 0:01:12]} Qa3 {[%emt 0:00:31]} 53. b7 {[%emt 0:00:19]} Qxa4+ {[%emt 0:00:09]} 54. Kb6 {[%emt 0:00:01]} Qb4+ {[%emt 0:00:23]} 55. Kc7 {[%emt 0:00:04]} Qxb7+ {[%emt 0:00:16]} 56. Kxb7 {[%emt 0:00:02]} Kf4 {[%emt 0:00:13]} 57. Kc6 {[%emt 0:00:01]} g5 {[%emt 0:00:16]} 58. Kc5 {[%emt 0:00:02]} g4 {[%emt 0:00:13]} 59. Kd4 {[%emt 0:00:02]} g3 {[%emt 0:00:15]} 60. Kd3 {[%emt 0:00:01]} g2 {[%emt 0:00:23]} 0-1

[Event "CZE-ch Youth B12 2022"]
[Site "Luhacovice"]
[Date "2022.03.16"]
[Round "6.8"]
[White "Jansky, Adam"]
[Black "Sotek, Simon"]
[Result "0-1"]
[WhiteElo "1233"]
[BlackElo "1280"]
[Annotator "NA"]
[PlyCount "90"]
[EventDate "2022.03.12"]
[EventType "swiss"]
[EventCountry "CZE"]
[SourceTitle "playchess.com"]
[Source "ChessBase"]
[SourceQuality "1"]
[TimeControl "5400+30"]

1. e4 {[%emt 0:00:01]} e5 {[%emt 0:00:05]} 2. Nf3 {[%emt 0:00:08]} Nc6 {[%emt 0:00:07]} 3. Bc4 {[%emt 0:00:03]} Bc5 {[%emt 0:00:16]} 4. c3 {[%emt 0:00:29]} Nf6 {[%emt 0:00:15]} 5. d4 {[%emt 0:00:19]} exd4 {[%emt 0:00:46]} 6. cxd4 {[%emt 0:00:07]} Bb4+ {[%emt 0:00:23]} 7. Nbd2 {[%emt 0:00:08]} Nxe4 {[%emt 0:08:28]} 8. O-O {[%emt 0:00:52]} Nxd2 {[%emt 0:01:27]} 9. Bxd2 {[%emt 0:00:35]} Bxd2 {[%emt 0:00:18]} 10. Qxd2 {[%emt 0:00:24]} d5 {[%emt 0:00:16]} 11. Bb5 {[%emt 0:00:42]} O-O {[%emt 0:00:32]} 12. Rae1 {[%emt 0:00:39]} Bd7 {[%emt 0:07:58]} 13. Re3 {[%emt 0:06:22]} Qf6 {[%emt 0:04:13]} 14. Ne5 {[%emt 0:10:28]} Nxe5 {[%emt 0:03:52]} 15. dxe5 {[%emt 0:00:05]} Qe6 {[%emt 0:00:12]} 16. Bxd7 {[%emt 0:00:40]} Qxd7 {[%emt 0:00:07]} 17. Rg3 {[%emt 0:00:26]} f6 {[%emt 0:13:46]} 18. Re1 {[%emt 0:04:26]} Rae8 {[%emt 0:01:53]} 19. Rge3 {[%emt 0:01:29]} fxe5 {[%emt 0:02:04]} 20. Rxe5 {[%emt 0:00:10]} Rxe5 {[%emt 0:02:02]} 21. Rxe5 {[%emt 0:00:04]} c6 {[%emt 0:00:57]} 22. Qb4 {[%emt 0:04:15]} Re8 {[%emt 0:02:17]} 23. Rxe8+ {[%emt 0:00:46]} Qxe8 {[%emt 0:00:35]} 24. h3 {[%emt 0:00:13]} Qd7 {[%emt 0:00:43]} 25. Qd4 {[%emt 0:01:43]} b6 {[%emt 0:01:09]} 26. Qf4 {[%emt 0:00:57]} h6 {[%emt 0:01:15]} 27. Kf1 {[%emt 0:01:17]} c5 {[%emt 0:01:21]} 28. Ke2 {[%emt 0:00:14]} Qe7+ {[%emt 0:00:45]} 29. Kd3 {[%emt 0:00:55]} c4+ {[%emt 0:06:05]} 30. Kc3 {[%emt 0:03:56]} Qe1+ {[%emt 0:11:37]} 31. Qd2 {[%emt 0:12:36]} d4+ {[%emt 0:00:59]} 32. Kc2 {[%emt 0:00:10]} d3+ {[%emt 0:00:41]} 33. Kc3 {[%emt 0:00:11]} Qxd2+ {[%emt 0:00:07]} 34. Kxd2 {[%emt 0:00:06]} b5 {[%emt 0:00:12]} 35. Kd1 {[%emt 0:01:54]} Kf7 {[%emt 0:00:11]} 36. Kd2 {[%emt 0:00:46]} Ke6 {[%emt 0:00:20]} 37. Kd1 {[%emt 0:00:26]} g5 {[%emt 0:00:10]} 38. g3 {[%emt 0:00:44]} Ke5 {[%emt 0:00:03]} 39. f3 {[%emt 0:00:46]} h5 {[%emt 0:00:37]} 40. Kd2 {[%emt 0:00:15]} h4 {[%emt 0:00:20]} 41. gxh4 {[%emt 0:02:19]} gxh4 {[%emt 0:00:09]} 42. Ke3 {[%emt 0:00:08]} Kf5 {[%emt 0:00:26]} 43. f4 {[%emt 0:00:19]} d2 {[%emt 0:00:19]} 44. Kxd2 {[%emt 0:00:04]} Kxf4 {[%emt 0:00:07]} 45. Ke2 {[%emt 0:00:17]} a5 {[%emt 0:01:04]} 0-1

[Event "CZE-ch Youth B12 2022"]
[Site "Luhacovice"]
[Date "2022.03.16"]
[Round "6.9"]
[White "Pasek, Josef"]
[Black "Mydlar, Matej"]
[Result "0-1"]
[WhiteElo "1351"]
[BlackElo "1554"]
[Annotator "NA"]
[PlyCount "79"]
[EventDate "2022.03.12"]
[EventType "swiss"]
[EventCountry "CZE"]
[SourceTitle "playchess.com"]
[Source "ChessBase"]
[SourceQuality "1"]
[TimeControl "5400+30"]

1. d4 {[%emt 0:00:05]} Nf6 {[%emt 0:00:15]} 2. Nf3 {[%emt 0:00:14]} e6 {[%emt 0:00:15]} 3. g3 {[%emt 0:00:16]} b6 {[%emt 0:04:07]} 4. Bg2 {[%emt 0:05:05]} Bb7 {[%emt 0:04:04]} 5. O-O {[%emt 0:03:49]} c5 {[%emt 0:09:23]} 6. c4 {[%emt 0:14:44]} d5 {[%emt 0:04:42]} 7. Ne5 {[%emt 0:12:58]} cxd4 {[%emt 0:09:35]} 8. Qxd4 {[%emt 0:00:51]} Bc5 {[%emt 0:01:22]} 9. Qd1 {[%emt 0:00:18]} O-O {[%emt 0:04:44]} 10. Nc3 {[%emt 0:03:33]} Nbd7 {[%emt 0:07:28]} 11. Nxd7 {[%emt 0:00:36]} Qxd7 {[%emt 0:00:25]} 12. cxd5 {[%emt 0:01:32]} Nxd5 {[%emt 0:04:05]} 13. Nxd5 {[%emt 0:06:22]} exd5 {[%emt 0:01:32]} 14. e3 {[%emt 0:06:50]} Rad8 {[%emt 0:03:56]} 15. a3 {[%emt 0:04:09]} a5 {[%emt 0:00:57]} 16. Qb3 {[%emt 0:15:57]} Ba6 {[%emt 0:01:17]} 17. Rd1 {[%emt 0:00:23]} Bc4 {[%emt 0:00:19]} 18. Qc3 {[%emt 0:01:48]} a4 {[%emt 0:00:43]} 19. e4 {[%emt 0:01:57]} Bb3 {[%emt 0:02:14]} 20. Rd3 {[%emt 0:05:26]} d4 {[%emt 0:00:25]} 21. Qe1 {[%emt 0:00:31]} Qb5 {[%emt 0:00:19]} 22. Bf1 {[%emt 0:00:42]} Bc4 {[%emt 0:00:33]} 23. Rd1 {[%emt 0:00:48]} d3 {[%emt 0:00:15]} 24. Be3 {[%emt 0:01:00]} f5 {[%emt 0:07:29]} 25. e5 Rfe8 {[%emt 0:06:06]} 26. f4 {[%emt 0:03:46]} Rd4 {[%emt 0:04:33]} 27. Bg2 {[%emt 0:02:25]} Re4 {[%emt 0:02:32]} 28. Bxe4 {[%emt 0:00:27]} fxe4 {[%emt 0:00:07]} 29. Rd2 {[%emt 0:01:15]} Bxe3+ {[%emt 0:01:59]} 30. Qxe3 {[%emt 0:00:06]} Qc5 {[%emt 0:00:18]} 31. Kf2 {[%emt 0:00:22]} Qc6 {[%emt 0:01:45]} 32. Rc1 {[%emt 0:01:10]} b5 {[%emt 0:00:23]} 33. Rc3 {[%emt 0:01:52]} Qd5 {[%emt 0:01:01]} 34. Ke1 {[%emt 0:01:27]} h6 {[%emt 0:00:59]} 35. Kf2 {[%emt 0:00:32]} Rf8 {[%emt 0:00:19]} 36. Qb6 {[%emt 0:01:14]} Qxe5 {[%emt 0:00:41]} 37. Ke3 {[%emt 0:01:20]} Qh5 {[%emt 0:01:19]} 38. Rf2 {[%emt 0:00:33]} Qd1 {[%emt 0:01:00]} 39. Kxe4 {[%emt 0:01:53]} Qe1+ {[%emt 0:00:55]} 40. Kd4 0-1

[Event "CZE-ch Youth B12 2022"]
[Site "Luhacovice"]
[Date "2022.03.16"]
[Round "6.10"]
[White "Ruzicka, Oto"]
[Black "Kozdon, Marek"]
[Result "0-1"]
[WhiteElo "1233"]
[BlackElo "1183"]
[Annotator "NA"]
[PlyCount "108"]
[EventDate "2022.03.12"]
[EventType "swiss"]
[EventCountry "CZE"]
[SourceTitle "playchess.com"]
[Source "ChessBase"]
[SourceQuality "1"]
[TimeControl "5400+30"]

1. e4 {[%emt 0:00:05]} c5 {[%emt 0:01:25]} 2. Nf3 {[%emt 0:00:27]} e6 {[%emt 0:01:26]} 3. d4 {[%emt 0:00:44]} cxd4 {[%emt 0:02:40]} 4. Nxd4 {[%emt 0:00:18]} a6 {[%emt 0:01:54]} 5. Bd3 {[%emt 0:01:20]} Qc7 {[%emt 0:01:37]} 6. O-O {[%emt 0:02:02]} d6 {[%emt 0:01:10]} 7. c4 {[%emt 0:00:50]} b6 {[%emt 0:02:31]} 8. Nc3 {[%emt 0:01:29]} Bb7 {[%emt 0:01:42]} 9. Qe2 {[%emt 0:02:08]} Nd7 {[%emt 0:02:11]} 10. f4 {[%emt 0:02:33]} Rc8 {[%emt 0:01:46]} 11. b3 {[%emt 0:00:55]} Be7 {[%emt 0:02:18]} 12. Bb2 {[%emt 0:04:27]} Ngf6 {[%emt 0:10:20]} 13. Rfd1 {[%emt 0:06:43]} O-O {[%emt 0:02:00]} 14. Nf3 {[%emt 0:06:57]} Rfe8 {[%emt 0:01:43]} 15. Rd2 {[%emt 0:01:45]} Qb8 {[%emt 0:01:37]} 16. Rad1 {[%emt 0:01:49]} Bd8 {[%emt 0:00:55]} 17. Bc2 {[%emt 0:02:30]} Bc7 {[%emt 0:00:27]} 18. h3 {[%emt 0:01:04]} Nc5 {[%emt 0:07:49]} 19. Kh1 {[%emt 0:07:55]} Qa8 {[%emt 0:01:36]} 20. Re1 {[%emt 0:01:13]} Nh5 {[%emt 0:00:45]} 21. Qe3 {[%emt 0:02:37]} d5 {[%emt 0:02:14]} 22. e5 {[%emt 0:06:32]} f6 {[%emt 0:03:25]} 23. Kg1 {[%emt 0:02:52]} fxe5 {[%emt 0:02:22]} 24. fxe5 {[%emt 0:01:02]} g6 {[%emt 0:04:24]} 25. Rf2 {[%emt 0:06:44]} dxc4 {[%emt 0:07:33]} 26. bxc4 {[%emt 0:01:07]} Rf8 {[%emt 0:01:07]} 27. Kh2 {[%emt 0:07:10]} Bxf3 {[%emt 0:03:40]} 28. Rxf3 {[%emt 0:00:48]} Rxf3 {[%emt 0:00:17]} 29. Qxf3 {[%emt 0:00:30]} Qxf3 {[%emt 0:00:19]} 30. gxf3 {[%emt 0:00:12]} Rf8 {[%emt 0:00:35]} 31. Bd1 {[%emt 0:02:01]} Nd3 {[%emt 0:00:34]} 32. Re2 {[%emt 0:02:43]} Nxb2 {[%emt 0:00:20]} 33. Rxb2 {[%emt 0:00:21]} Bxe5+ {[%emt 0:00:11]} 34. Kg1 {[%emt 0:01:41]} Bxc3 {[%emt 0:00:26]} 35. Rb3 {[%emt 0:01:52]} Bd4+ {[%emt 0:00:27]} 36. Kg2 {[%emt 0:00:57]} Rc8 {[%emt 0:02:31]} 37. Rb4 {[%emt 0:02:12]} Nf4+ {[%emt 0:00:52]} 38. Kg3 {[%emt 0:02:17]} Nd3 {[%emt 0:00:51]} 39. Rb3 {[%emt 0:01:00]} Nc5 {[%emt 0:01:13]} 40. Rb4 {[%emt 0:01:35]} Rd8 {[%emt 0:00:49]} 41. Bc2 {[%emt 0:01:40]} Kf7 {[%emt 0:01:13]} 42. h4 {[%emt 0:02:12]} h6 {[%emt 0:01:08]} 43. Kh3 {[%emt 0:00:25]} Rd6 {[%emt 0:02:39]} 44. Rb1 {[%emt 0:00:46]} Bc3 {[%emt 0:01:03]} 45. Rg1 {[%emt 0:01:15]} e5 {[%emt 0:00:54]} 46. Bb1 {[%emt 0:02:02]} Nd3 {[%emt 0:01:12]} 47. Kh2 {[%emt 0:00:46]} Nf4 {[%emt 0:00:31]} 48. Be4 {[%emt 0:03:02]} Rd2+ {[%emt 0:00:37]} 49. Kh1 {[%emt 0:00:22]} Rxa2 {[%emt 0:01:17]} 50. Rd1 {[%emt 0:01:39]} Ra1 {[%emt 0:00:53]} 51. Bb1 {[%emt 0:02:20]} Bd4 {[%emt 0:00:43]} 52. Kh2 {[%emt 0:01:58]} Ne2 {[%emt 0:01:24]} 53. Re1 {[%emt 0:01:08]} Kf6 {[%emt 0:00:58]} 54. Kh1 {[%emt 0:01:31]} Nc3 {[%emt 0:01:04]} 0-1

[Event "CZE-ch Youth B12 2022"]
[Site "Luhacovice"]
[Date "2022.03.16"]
[Round "6.11"]
[White "Topencik, Bruno"]
[Black "Tejnor, Martin"]
[Result "1-0"]
[WhiteElo "1339"]
[BlackElo "1367"]
[Annotator "NA"]
[PlyCount "121"]
[EventDate "2022.03.12"]
[EventType "swiss"]
[EventCountry "CZE"]
[SourceTitle "playchess.com"]
[Source "ChessBase"]
[SourceQuality "1"]
[TimeControl "5400+30"]

1. d4 {[%emt 0:00:03]} Nf6 {[%emt 0:00:03]} 2. c4 {[%emt 0:00:13]} g6 {[%emt 0:00:03]} 3. Nc3 {[%emt 0:00:20]} Bg7 {[%emt 0:00:07]} 4. Nf3 {[%emt 0:01:02]} d6 {[%emt 0:00:07]} 5. Bg5 {[%emt 0:01:53]} O-O {[%emt 0:00:08]} 6. Qd2 {[%emt 0:01:23]} Re8 {[%emt 0:00:07]} 7. e3 {[%emt 0:04:36]} Nbd7 {[%emt 0:01:55]} 8. Be2 {[%emt 0:03:22]} e5 {[%emt 0:05:11]} 9. O-O {[%emt 0:04:51]} h6 {[%emt 0:06:37]} 10. Bxf6 {[%emt 0:03:41]} Bxf6 {[%emt 0:00:12]} 11. dxe5 {[%emt 0:02:16]} Nxe5 {[%emt 0:00:13]} 12. Nd5 {[%emt 0:03:19]} Bg7 {[%emt 0:00:40]} 13. Nxe5 {[%emt 0:02:54]} Rxe5 {[%emt 0:00:47]} 14. Rfe1 {[%emt 0:02:16]} Bf5 {[%emt 0:06:43]} 15. Bd3 {[%emt 0:02:33]} Bd7 {[%emt 0:00:54]} 16. Nc3 {[%emt 0:01:54]} Bc6 17. Bf1 {[%emt 0:02:35]} Qd7 {[%emt 0:02:00]} 18. Ne2 {[%emt 0:02:31]} Rae8 {[%emt 0:01:31]} 19. Nd4 {[%emt 0:02:20]} Be4 {[%emt 0:03:54]} 20. Bd3 {[%emt 0:02:35]} Bxd3 {[%emt 0:00:31]} 21. Qxd3 {[%emt 0:00:06]} Rh5 {[%emt 0:04:00]} 22. Qf1 {[%emt 0:05:53]} Re4 {[%emt 0:07:16]} 23. Rad1 {[%emt 0:03:03]} Rg4 {[%emt 0:11:40]} 24. f3 {[%emt 0:03:43]} Rgg5 {[%emt 0:00:58]} 25. f4 {[%emt 0:01:09]} Ra5 {[%emt 0:04:01]} 26. a3 {[%emt 0:03:12]} Qg4 {[%emt 0:05:58]} 27. Qf3 {[%emt 0:02:49]} Qxf3 {[%emt 0:08:46]} 28. gxf3 {[%emt 0:02:40]} Rac5 {[%emt 0:00:30]} 29. Rc1 {[%emt 0:04:37]} Rh3 {[%emt 0:03:53]} 30. Rf1 {[%emt 0:07:24]} a6 {[%emt 0:01:51]} 31. Nb3 {[%emt 0:03:26]} Rf5 {[%emt 0:03:01]} 32. Rf2 {[%emt 0:03:53]} Rhh5 {[%emt 0:01:32]} 33. Rd1 {[%emt 0:03:18]} Kf8 {[%emt 0:03:03]} 34. Kg2 {[%emt 0:02:55]} Rf6 {[%emt 0:00:55]} 35. Nd4 {[%emt 0:01:53]} c5 {[%emt 0:01:45]} 36. Ne2 {[%emt 0:02:14]} Ke7 {[%emt 0:01:23]} 37. Nc3 {[%emt 0:00:57]} Re6 {[%emt 0:00:51]} 38. Nd5+ {[%emt 0:01:02]} Kd8 {[%emt 0:00:21]} 39. Rfd2 {[%emt 0:03:26]} Bf8 {[%emt 0:00:34]} 40. Kg3 {[%emt 0:02:16]} f5 {[%emt 0:00:18]} 41. h4 {[%emt 0:01:18]} Be7 {[%emt 0:00:54]} 42. Nxe7 {[%emt 0:00:51]} Kxe7 {[%emt 0:00:10]} 43. Re1 {[%emt 0:00:51]} Kd7 {[%emt 0:02:29]} 44. e4 {[%emt 0:00:33]} fxe4 {[%emt 0:00:35]} 45. fxe4 {[%emt 0:00:50]} Kc6 {[%emt 0:01:00]} 46. Rd5 {[%emt 0:00:49]} Kd7 {[%emt 0:01:11]} 47. Rxh5 {[%emt 0:00:45]} gxh5 {[%emt 0:00:02]} 48. f5 {[%emt 0:00:12]} Rf6 {[%emt 0:00:41]} 49. Kf4 {[%emt 0:00:15]} Ke7 {[%emt 0:01:15]} 50. Rg1 {[%emt 0:00:44]} Kf7 {[%emt 0:00:21]} 51. a4 {[%emt 0:00:33]} a5 {[%emt 0:00:39]} 52. Rg3 {[%emt 0:00:52]} Kf8 {[%emt 0:01:43]} 53. b3 {[%emt 0:00:31]} Kf7 {[%emt 0:00:57]} 54. Rg2 {[%emt 0:00:07]} b6 {[%emt 0:00:09]} 55. Rd2 {[%emt 0:00:27]} Ke7 {[%emt 0:01:05]} 56. Rg2 {[%emt 0:00:10]} Kf7 {[%emt 0:00:05]} 57. e5 {[%emt 0:00:14]} dxe5+ {[%emt 0:00:25]} 58. Kxe5 {[%emt 0:00:07]} Rc6 {[%emt 0:00:28]} 59. Rd2 {[%emt 0:00:27]} Ke7 {[%emt 0:00:51]} 60. Rd3 {[%emt 0:00:47]} Rf6 {[%emt 0:01:53]} 61. Rd7+ {[%emt 0:00:33]} 1-0

[Event "CZE-ch Youth B12 2022"]
[Site "Luhacovice"]
[Date "2022.03.16"]
[Round "6.12"]
[White "Knapek, Jan"]
[Black "Letal, Hynek"]
[Result "0-1"]
[WhiteElo "1340"]
[BlackElo "1371"]
[Annotator "NA"]
[PlyCount "58"]
[EventDate "2022.03.12"]
[EventType "swiss"]
[EventCountry "CZE"]
[SourceTitle "playchess.com"]
[Source "ChessBase"]
[SourceQuality "1"]
[TimeControl "5400+30"]

1. e4 c5 2. Nf3 {[%emt 0:01:08]} d6 {[%emt 0:00:47]} 3. d4 {[%emt 0:00:06]} cxd4 {[%emt 0:00:05]} 4. Nxd4 {[%emt 0:00:07]} Nf6 {[%emt 0:00:07]} 5. Nc3 {[%emt 0:00:09]} g6 {[%emt 0:00:14]} 6. Be3 {[%emt 0:00:31]} Bg7 {[%emt 0:00:10]} 7. f3 {[%emt 0:00:12]} Nc6 {[%emt 0:00:18]} 8. Bc4 {[%emt 0:00:28]} O-O {[%emt 0:00:17]} 9. Qd2 {[%emt 0:00:16]} Bd7 {[%emt 0:00:38]} 10. O-O-O {[%emt 0:00:45]} Rb8 {[%emt 0:00:34]} 11. h4 {[%emt 0:00:48]} Ne5 {[%emt 0:01:05]} 12. Bb3 {[%emt 0:01:04]} b5 {[%emt 0:01:11]} 13. h5 {[%emt 0:01:17]} Nc4 {[%emt 0:00:42]} 14. Bxc4 {[%emt 0:01:30]} bxc4 {[%emt 0:00:11]} 15. hxg6 {[%emt 0:00:32]} fxg6 {[%emt 0:00:10]} 16. f4 {[%emt 0:01:33]} Qb6 {[%emt 0:03:34]} 17. Nb3 {[%emt 0:01:02]} Qb7 {[%emt 0:03:39]} 18. e5 {[%emt 0:02:37]} cxb3 {[%emt 0:02:21]} 19. cxb3 {[%emt 0:00:16]} Ne4 {[%emt 0:01:25]} 20. Nxe4 {[%emt 0:01:45]} Qxe4 {[%emt 0:00:21]} 21. Rde1 {[%emt 0:01:47]} Rfc8+ {[%emt 0:00:18]} 22. Kd1 {[%emt 0:01:06]} Bg4+ {[%emt 0:00:13]} 23. Re2 {[%emt 0:00:31]} Qb1+ {[%emt 0:00:12]} 24. Qc1 {[%emt 0:01:12]} Rxc1+ {[%emt 0:00:06]} 25. Bxc1 {[%emt 0:00:47]} Qd3+ {[%emt 0:00:08]} 26. Bd2 {[%emt 0:00:29]} Qxe2+ {[%emt 0:00:09]} 27. Kc1 {[%emt 0:00:35]} Rc8+ {[%emt 0:00:13]} 28. Bc3 {[%emt 0:00:26]} Bf5 {[%emt 0:00:11]} 29. Rd1 {[%emt 0:05:08]} Qc2# {[%emt 0:00:12]} 0-1

[Event "CZE-ch Youth B12 2022"]
[Site "Luhacovice"]
[Date "2022.03.17"]
[Round "7.1"]
[White "Delgerdalai, Bayarjavkhlan"]
[Black "Popov, Roman"]
[Result "1-0"]
[WhiteElo "2074"]
[BlackElo "2353"]
[Annotator "ChessBase"]
[PlyCount "73"]
[EventDate "2022.03.12"]
[EventType "swiss"]
[EventCountry "CZE"]
[SourceTitle "playchess.com"]
[Source "ChessBase"]
[SourceQuality "1"]
[TimeControl "5400+30"]

1. d4 d5 2. c4 c6 3. Nc3 Nf6 4. Nf3 dxc4 5. a4 Bf5 6. Nh4 Bg6 7. Nxg6 hxg6 8. e4 e6 9. Bxc4 Bb4 10. Qd3 c5 11. d5 exd5 12. exd5 Qd6 13. g3 Nbd7 14. Bf4 Qe7+ 15. Kf1 O-O 16. d6 Qd8 17. Qxg6 Bxc3 18. bxc3 Nb6 19. Qd3 Nxc4 20. Qxc4 Qd7 21. Kg2 Qc6+ 22. f3 Nd5 23. Rhe1 Rfe8 24. Rad1 Rxe1 25. Rxe1 Rd8 26. Rd1 Rxd6 27. Re1 Nxf4+ 28. Qxf4 Qd7 29. Re2 b6 30. h4 Rd3 31. h5 Rd6 32. g4 Re6 33. Rd2 Qe7 34. Qb8+ Kh7 35. Rd8 Kh6 36. Kg3 g6 37. Rh8+ 1-0